|
|
|
|
| LEADER |
02592pam a2200505Ii 4500 |
| 001 |
AALTaylor&Francisebook000040 |
| 003 |
BD-DhAAL |
| 005 |
20230911104404.0 |
| 006 |
m |o d | |
| 007 |
cr_||||||||||| |
| 008 |
920210t1993 enka b 001 0 eng |
| 010 |
|
|
|a 92007895
|
| 020 |
|
|
|a 9780203359433
|
| 020 |
|
|
|a 9781134916368
|
| 020 |
|
|
|a 9781134916405
|
| 020 |
|
|
|a 9781134916412
|
| 020 |
|
|
|z 9781138456945
|
| 020 |
|
|
|z 9780415068222
|
| 040 |
|
|
|a DLC
|c DLC
|d DLC
|d BD-DhAAL
|
| 050 |
0 |
0 |
|a NX650.P6
|b P47 1993
|
| 082 |
0 |
0 |
|a 700.103
|
| 100 |
1 |
|
|a Phelan, Peggy,
|e author.
|9 55283
|
| 245 |
1 |
0 |
|a Unmarked
|h [electronic resource] :
|b the politics of performance /
|c Peggy Phelan.
|
| 260 |
|
|
|a London ;
|a New York :
|b Routledge,
|c 1993.
|
| 300 |
|
|
|a 1 online resource (xi, 207 pages) :
|b illustrations
|
| 500 |
|
|
|a <strong>Off-Campus Access:</strong> Athens ID and Password Required
|
| 500 |
|
|
|a <strong>On-Campus Access:</strong> No User ID or Password Required
|
| 500 |
|
|
|a Access type: Perpetual access
|
| 504 |
|
|
|a Includes bibliographical references (pages [195]-202) and index.
|
| 505 |
|
|
|a 1. Broken symmetries : memory, sight, love -- 2. Developing the negative : Mapplethorpe, Schor, and Sherman -- 3. Spatial envy : Yvonne Rainer's The man who envied women -- 4. The golden apple : Jennie Livingston's Paris is burning -- 5. Theatre and its mother : Tom Stoppard's Hapgood -- 6. White men and pregnancy : discovering the body to be rescued -- 7. The ontology of performance : representation without reproduction -- 8. Afterword : notes on hope.
=650 \0$aArts$xPolitical aspects.
|
| 506 |
|
|
|a Electronic access restricted to authorized BRAC University faculty, staff and students
|
| 526 |
|
|
|a ENH
|x Sabreena Ahmed,
Associate Professor
|
| 538 |
|
|
|a Mode of access: Internet
|
| 541 |
|
|
|a Taylor & Francis
|h USD 229.50
|
| 650 |
|
0 |
|a Arts
|x Political aspects.
|9 55284
|
| 650 |
|
0 |
|a Politics in art.
|9 55285
|
| 650 |
|
0 |
|a Feminism and the arts.
|9 55286
|
| 650 |
|
0 |
|a Performance art.
|9 55287
|
| 650 |
|
0 |
|a Arts, Modern
|y 20th century.
|
| 655 |
|
|
|a Electronic books.
|
| 852 |
|
|
|a Ayesha Abed Library
|
| 856 |
|
|
|z Full text available on Taylor & Francis
|u https://www.taylorfrancis.com/books/9781134916412
|
| 942 |
|
|
|2 ddc
|c EBK
|
| 999 |
|
|
|c 46063
|d 46063
|
| 952 |
|
|
|0 0
|1 0
|2 ddc
|4 0
|6 700_103000000000000_PHE
|7 0
|9 74186
|a BRACUL
|b BRACUL
|d 2023-08-07
|e Taylor & Francis
|g 24866.30
|l 0
|o 700.103 PHE
|r 2023-08-07
|t 1
|w 2023-08-07
|y EBK
|x As discussed with Acquisition team, according to invoice date (04.08.2023) of the e-book, converted USD 229.50 to BDT 24866.30
|